Marvel Questions #1 - Statistics

General Stats
  • This quiz has been taken 50 times
    49 since last reset
  • The average score is 17 of 25
Answer Stats
Question: Answer: % Correct
How many Infinity Stones are there? 6
97%
Nebula is one of the adopted daughters of who? Thanos
95%
Time
95%
Space
92%
What Stone is in the Tesseract? Space
92%
Mind
90%
Reality
90%
Soul
90%
How many PhD's does Dr. Bruce Banner have? 9
87%
How many realms exist? (Before Ragnorok) 9
87%
Name the Stones: Power
87%
Who is the offspring of Meredith quill and Ego? Star Lord
82%
Who Created Ultron? Tony Stark
79%
What is the name of the black Symbiote? Venom
77%
Who is Tony Stark's Head of Security Happy Hogan
72%
Ivan Vanko or Whiplash , resides from what country? Russia
69%
How many movies have been released in the MCU so far? 18
67%
Homeworld of Thanos? Titan
62%
Who lives and feeds in the dark dimension? Dormammu
51%
Who is the main villian in Iron Man? Iron Monger
46%
Who Killed Corvus Glaive? Vision
44%
Who says, " Here me and Rejoyce ! " ? Ebony Maw
36%
How Many possible futures does Doctor Strange forsee? 14,000,605
21%
What is on 177a Bleecker Street Sanctum Sanctorum
21%
Who is the G.O.A.T? Hawkeye
5%
No matching quizzes found
Score Distribution
Percent of People with Each Score
Percentile by Number Answered
Your Score History
You have not taken this quiz since the last reset